Quiz su AC MILAN - Statistics

Statistiche generali
  • Questo quiz è stato fatto 478 volte
    475 dall'ultimo reset
  • Il punteggio medio è 13 su 25
Statistiche sulle risposte
Domanda Risposta % Corretto
Anno fondazione 1899
95%
Numero scudetti vinti 19
93%
E' la seconda squadra d'Europa ad aver conquistato più _____ Champions
90%
San Siro nel 1980 fu intitolato come il giocatore _______ Giuseppe Meazza
64%
Formazione titolare annata 2023 Maignan
64%
Leao
62%
Giroud
60%
Saelemaekers
60%
Hernandez
59%
Tomori
59%
Calabria
57%
Diaz
56%
Bennacer
52%
Dirigente sportivo che fa "compagnia" a Maldini Frederic Massara
51%
Tonali
51%
Kalulu
50%
Colore terza maglia Verde
49%
14enne che ha segnato 485 goal in 89 presenze Francesco Camarda
47%
Capitano storico del milan Paolo Maldini
40%
Proprietario attuale del Milan (proprietà di Gerry Cardinale) RedBird
36%
Unici due calciatori Americani cha hanno giocato al Milan Dest
32%
Presidente attuale del Milan Paolo Scaroni
23%
Primo allenatore Rossonero Herbert Kilpin
19%
Capocannoniere Milan Gunnar Nordahl
16%
Onyewu
16%
Nessun quiz corrispondente trovato
Distribuzione punteggi
Percentuale di utenti per punteggio
Percentile per numero di risposta
I tuoi punteggi nel tempo
Non hai fatto questo quiz dall'ultimo reset